<?xml version="1.0" encoding="UTF-8"?>
<record
    xmlns:xsi="http://www.w3.org/2001/XMLSchema-instance"
    xsi:schemaLocation="http://www.loc.gov/MARC21/slim http://www.loc.gov/standards/marcxml/schema/MARC21slim.xsd"
    xmlns="http://www.loc.gov/MARC21/slim">

  <leader>00830nam a22002177a 4500</leader>
  <controlfield tag="003">DO-SdBNP</controlfield>
  <controlfield tag="005">20210916122316.0</controlfield>
  <controlfield tag="007">ta</controlfield>
  <controlfield tag="008">210916e2019    dr a|||fr|||| 001 0 spa d</controlfield>
  <datafield tag="040" ind1=" " ind2=" ">
    <subfield code="a">DO-SdBNP</subfield>
    <subfield code="b">spa</subfield>
    <subfield code="c">BNPHU</subfield>
  </datafield>
  <datafield tag="082" ind1=" " ind2="4">
    <subfield code="2">22</subfield>
    <subfield code="b">G943c</subfield>
  </datafield>
  <datafield tag="245" ind1="1" ind2="0">
    <subfield code="a">Gu&#xED;a cl&#xED;nica de las enfermedades pedi&#xE1;tricas prevalentes en Rep&#xFA;blica Dominicana /</subfield>
    <subfield code="c">Alfre Cruz Hern&#xE1;ndez, comp.; Piero Espinal Est&#xE9;vez, ed.; Joy Vivoni, pr&#xF3;l.</subfield>
  </datafield>
  <datafield tag="260" ind1=" " ind2=" ">
    <subfield code="a">San Jos&#xE9; de las Matas, Rep&#xFA;blica Dominicana :</subfield>
    <subfield code="b">OPUS,</subfield>
    <subfield code="c">2019</subfield>
  </datafield>
  <datafield tag="300" ind1=" " ind2=" ">
    <subfield code="a">493 p.:</subfield>
    <subfield code="b">il, graf.;</subfield>
    <subfield code="c">25 cm</subfield>
  </datafield>
  <datafield tag="500" ind1=" " ind2=" ">
    <subfield code="a">Incluye biograf&#xED;a del compilador en las cubiertas.</subfield>
  </datafield>
  <datafield tag="590" ind1=" " ind2=" ">
    <subfield code="a">Inventariado 2021 / MF</subfield>
  </datafield>
  <datafield tag="700" ind1="1" ind2="2">
    <subfield code="a">Cruz Hern&#xE1;ndez, Alfre ,</subfield>
    <subfield code="d">1960</subfield>
    <subfield code="e">comp.</subfield>
    <subfield code="9">79913</subfield>
  </datafield>
  <datafield tag="700" ind1="1" ind2="2">
    <subfield code="a"> Vivoni, Joy, </subfield>
    <subfield code="e">pr&#xF3;l.</subfield>
    <subfield code="9">79914</subfield>
  </datafield>
  <datafield tag="700" ind1="1" ind2="2">
    <subfield code="a">Espinal Est&#xE9;vez, Piero,</subfield>
    <subfield code="e">ed.</subfield>
    <subfield code="9">3550</subfield>
  </datafield>
  <datafield tag="942" ind1=" " ind2=" ">
    <subfield code="2">ddc</subfield>
    <subfield code="c">LBS1</subfield>
  </datafield>
  <datafield tag="952" ind1=" " ind2=" ">
    <subfield code="0">0</subfield>
    <subfield code="1">0</subfield>
    <subfield code="2">ddc</subfield>
    <subfield code="5">1</subfield>
    <subfield code="7">0</subfield>
    <subfield code="8">PD</subfield>
    <subfield code="a">BNPHU</subfield>
    <subfield code="b">PD</subfield>
    <subfield code="c">HD</subfield>
    <subfield code="d">2019-10-18</subfield>
    <subfield code="e">Donado por Editora B&#xFA;ho</subfield>
    <subfield code="l">0</subfield>
    <subfield code="o">G943c</subfield>
    <subfield code="p">2021-26662</subfield>
    <subfield code="r">2021-09-16</subfield>
    <subfield code="w">2021-09-16</subfield>
    <subfield code="y">LFPD</subfield>
  </datafield>
  <datafield tag="952" ind1=" " ind2=" ">
    <subfield code="0">0</subfield>
    <subfield code="1">0</subfield>
    <subfield code="2">ddc</subfield>
    <subfield code="5">1</subfield>
    <subfield code="7">0</subfield>
    <subfield code="8">PD</subfield>
    <subfield code="a">BNPHU</subfield>
    <subfield code="b">PD</subfield>
    <subfield code="c">HD</subfield>
    <subfield code="d">2019-10-18</subfield>
    <subfield code="e">Donado por Editora B&#xFA;ho</subfield>
    <subfield code="l">0</subfield>
    <subfield code="o">G943c</subfield>
    <subfield code="p">2021-26663</subfield>
    <subfield code="r">2021-09-16</subfield>
    <subfield code="t">e.2</subfield>
    <subfield code="w">2021-09-16</subfield>
    <subfield code="y">LFPD</subfield>
  </datafield>
  <datafield tag="952" ind1=" " ind2=" ">
    <subfield code="0">0</subfield>
    <subfield code="1">0</subfield>
    <subfield code="2">ddc</subfield>
    <subfield code="5">6</subfield>
    <subfield code="7">0</subfield>
    <subfield code="8">DS</subfield>
    <subfield code="a">BNPHU</subfield>
    <subfield code="b">GR</subfield>
    <subfield code="c">HD</subfield>
    <subfield code="d">2019-10-18</subfield>
    <subfield code="e">Donado por Editora B&#xFA;ho</subfield>
    <subfield code="l">0</subfield>
    <subfield code="o">G943c</subfield>
    <subfield code="p">2021-26664</subfield>
    <subfield code="r">2021-09-16</subfield>
    <subfield code="t">e.3</subfield>
    <subfield code="w">2021-09-16</subfield>
    <subfield code="y">LFDS</subfield>
  </datafield>
  <datafield tag="952" ind1=" " ind2=" ">
    <subfield code="0">0</subfield>
    <subfield code="1">0</subfield>
    <subfield code="2">ddc</subfield>
    <subfield code="5">6</subfield>
    <subfield code="7">0</subfield>
    <subfield code="8">DS</subfield>
    <subfield code="a">BNPHU</subfield>
    <subfield code="b">GR</subfield>
    <subfield code="c">HD</subfield>
    <subfield code="d">2020-07-15</subfield>
    <subfield code="e">Donado por Editorial OPUS</subfield>
    <subfield code="l">0</subfield>
    <subfield code="o">G943c</subfield>
    <subfield code="p">2021-26665</subfield>
    <subfield code="r">2021-09-16</subfield>
    <subfield code="t">e.4</subfield>
    <subfield code="w">2021-09-16</subfield>
    <subfield code="y">LFDS</subfield>
  </datafield>
  <datafield tag="952" ind1=" " ind2=" ">
    <subfield code="0">0</subfield>
    <subfield code="1">0</subfield>
    <subfield code="2">ddc</subfield>
    <subfield code="5">6</subfield>
    <subfield code="7">0</subfield>
    <subfield code="8">DS</subfield>
    <subfield code="a">BNPHU</subfield>
    <subfield code="b">GR</subfield>
    <subfield code="c">HD</subfield>
    <subfield code="d">2020-07-15</subfield>
    <subfield code="e">Donado por Editorial OPUS</subfield>
    <subfield code="l">0</subfield>
    <subfield code="o">G943c</subfield>
    <subfield code="p">2021-26666</subfield>
    <subfield code="r">2021-09-16</subfield>
    <subfield code="t">e.5</subfield>
    <subfield code="w">2021-09-16</subfield>
    <subfield code="y">LFDS</subfield>
  </datafield>
  <datafield tag="999" ind1=" " ind2=" ">
    <subfield code="c">50542</subfield>
    <subfield code="d">50542</subfield>
  </datafield>
</record>
